000 00478nas a2200181 a 4500
999 _c11536
_d11536
005 20191207125509.0
008 191207b xxu||||| |||| 00| 0 eng d
022 _a9771064030005
040 _cBD-JhCC
082 _a051
_bTIM
245 _aTime
_cEdited by Edward Felsenthal
260 _aHong Kong :
_bTime Mahazine HK Limited,
300 _aVol. 194, No. 22-23
310 _aWeekly
650 _aTime
_vPeriodicals
700 _aFelsenthal, Edward
942 _2ddc
_cCR
_s1